000 00299nam a2200109Ia 4500
008 180205s9999 xx 000 0 und d
020 _a935280006
100 _aDenton, Jeremiah A.
245 _aWhen hell was in session /
260 _aUSA
_bLibrary of congress cataloging
_c1982
300 _a181 pages
999 _c354797
_d354797